| 000 | 00437nam a2200169Ia 4500 | ||
|---|---|---|---|
| 008 | 151213s9999 xx 000 0 und d | ||
| 020 | _a81-7596-067-1 | ||
| 100 | _aMartin Hewings | ||
| 245 |
_aAdvanced English Crammer _cMartin Hewings |
||
| 250 | _a1st | ||
| 260 |
_aNew Delhi _bCambridge Universitty Press _c1999 |
||
| 300 | _a4843 p. | ||
| 650 | _aEnglish | ||
| 650 | _aEnglish Crammer | ||
| 700 | _aMartin Hewings | ||
| 999 |
_c3045 _d3045 |
||